000 00370nam a2200133Ia 4500
008 151001s9999||||xx |||||||||||||| ||und||
100 _aवा शि आपटे
245 _aव्यक्तिमत्व कसे सुधारावे
250 _a1
260 _bसरिता प्रकाशन
260 _c1975
300 _a104
365 _b18
999 _c957664
_d957661